<?xml version="1.0" encoding="UTF-8"?>
<marc:record xmlns:marc="http://www.loc.gov/MARC21/slim">
   <marc:leader>00000nam a2200000 a 4500</marc:leader>
   <marc:datafield ind1="1" ind2=" " tag="100">
      <marc:subfield code="a">Seethaler, Robert</marc:subfield>
      <marc:subfield code="4">aut</marc:subfield>
      <marc:subfield code="e">Verfasser/-in</marc:subfield>
   </marc:datafield>
   <marc:datafield ind1=" " ind2=" " tag="653">
      <marc:subfield code="a">Aussteiger</marc:subfield>
   </marc:datafield>
   <marc:datafield ind1=" " ind2=" " tag="653">
      <marc:subfield code="a">Erzählende Literatur</marc:subfield>
   </marc:datafield>
   <marc:datafield ind1=" " ind2=" " tag="653">
      <marc:subfield code="a">Verlieben</marc:subfield>
   </marc:datafield>
   <marc:datafield ind1=" " ind2=" " tag="653">
      <marc:subfield code="a">Tankwart</marc:subfield>
   </marc:datafield>
   <marc:datafield ind1=" " ind2=" " tag="653">
      <marc:subfield code="a">Isolation &lt;Soziologie&gt;</marc:subfield>
   </marc:datafield>
   <marc:datafield ind1=" " ind2=" " tag="653">
      <marc:subfield code="a">Landstraße</marc:subfield>
   </marc:datafield>
   <marc:datafield ind1="0" ind2="0" tag="245">
      <marc:subfield code="a">Die weiteren Aussichten</marc:subfield>
   </marc:datafield>
   <marc:datafield ind1="0" ind2="0" tag="245">
      <marc:subfield code="b">Roman</marc:subfield>
   </marc:datafield>
   <marc:datafield ind1=" " ind2="1" tag="264">
      <marc:subfield code="b">Kein &amp; Aber</marc:subfield>
      <marc:subfield code="c">2008</marc:subfield>
   </marc:datafield>
   <marc:datafield ind1="1" ind2=" " tag="490">
      <marc:subfield code="a">Kein &amp; Aber Pocket</marc:subfield>
   </marc:datafield>
   <marc:datafield ind1="1" ind2=" " tag="520">
      <marc:subfield code="a">Herbert lebt mit seiner resoluten Mutter und dem Zierfisch Georg am Rande eines Dorfes in der deutschen Provinz und betreibt eine Tankstelle. Eines Tages begegnet ihm die Liebe, in Person der molligen Hilde, die als Putzfrau im städtischen Hallenbad arbeitet. Da ward es um ihn geschehen. Der Roman erzählt in witziger und liebevoller Art und Weise, was die Liebe aus dem armen Herbert macht. Er will sogar vom Fünf-Meter-Brett springen, obwohl er gar nicht schwimmen kann. Die Liebenden beschließen, alles hinter sich zu lassen und dem Dorf den Rücken zu kehren: mitsamt der sterbenskranken Mutter und dem Zierfisch Georg: denn um, neu anzufangen, ist es nie zu spät. Ein witziger Roman aus der tiefsten deutsche Provinz!</marc:subfield>
   </marc:datafield>
   <marc:datafield ind1=" " ind2=" " tag="020">
      <marc:subfield code="a">9783036955254</marc:subfield>
      <marc:subfield code="9">9783036955254</marc:subfield>
   </marc:datafield>
</marc:record>
